[Event "40th USA-ch (w)"]
[Site "Seattle USA"]
[Date "2000.09.25"]
[Round "1"]
[White "Airapetian, Shushanik"]
[Black "Sagalchik, Olga"]
[Result "1-0"]
[WhiteElo "2072"]
[BlackElo "2145"]
[EventDate "2000.09.25"]
[PlyCount "123"]

1.e4 d6 2.Nf3 c5 3.c4 e5 4.g3 Nc6 5.Bg2 Bg4 6.h3 Bxf3 7.Bxf3 Nd4 8.Bg2 Ne7
9.O-O g6 10.Nc3 Bg7 11.Rb1 a5 12.d3 O-O 13.Be3 Nec6 14.Ne2 Rb8 15.f4 Bh6 
16.Nxd4 cxd4 17.Bd2 b5 18.f5 Bxd2 19.Qxd2 f6 20.cxb5 Rxb5 21.Rbc1 Qe8 22.
fxg6 hxg6 23.Qh6 Rb7 24.h4 Nb4 25.Rf3 Rh7 26.Qd2 Qb5 27.Bh3 Re7 28.Qh6 Qe8
29.a3 Rh7 30.Qd2 Na6 31.Rc8 Qe7 32.Rxf8+ Kxf8 33.Qxa5 Nc5 34.Qa8+ Kg7 35.
b4 Rh8 36.Qc6 Nb7 37.Bc8 Nd8 38.Qc4 Qa7 39.Rf2 Qxa3 40.Ra2 Qc3 41.Ra7+ Kh6
42.Qxc3 dxc3 43.Rc7 Rh7 44.Rxc3 Ra7 45.Rb3 Rc7 46.Ba6 Rc1+ 47.Kf2 Ne6 48.
Rb2 g5 49.hxg5+ Kxg5 50.Bc4 Nd4 51.b5 Rh1 52.Kg2 Rh8 53.b6 f5 54.b7 Rb8 
55.Bd5 f4 56.gxf4+ exf4 57.Ra2 f3+ 58.Kg3 f2 59.Kxf2 Rf8+ 60.Kg2 Kg4 61.
Ra8 Rf3 62.Rg8+ 1-0

[Event "40th USA-ch (w)"]
[Site "Seattle USA"]
[Date "2000.09.25"]
[Round "1"]
[White "Frenklakh, Jennie"]
[Black "Groberman, Elina"]
[Result "0-1"]
[WhiteElo "2133"]
[BlackElo "2054"]
[EventDate "2000.09.25"]
[PlyCount "75"]

1.e4 Nc6 2.Nf3 e5 3.Bc4 Bc5 4.d3 d6 5.h3 a6 6.c3 Nf6 7.O-O O-O 8.b4 Ba7 9.
Re1 Be6 10.Nbd2 Qe7 11.a4 Nh5 12.Nf1 Bxc4 13.dxc4 f5 14.c5 fxe4 15.Rxe4 
Nf6 16.Bg5 Nd8 17.Ne3 Ne6 18.cxd6 Qxd6 19.Qxd6 cxd6 20.Bxf6 gxf6 21.Nf5 d5
22.Ne7+ Kf7 23.Nxd5 Rfd8 24.Ne3 Nf4 25.Nf5 Nd3 26.Ne3 Rac8 27.Ra3 Nf4 28.
c4 Rg8 29.Ng4 Nxh3+ 30.gxh3 h5 31.Kf1 hxg4 32.hxg4 Rh8 33.Ke2 Rh1 34.Rd3 
Rc7 35.g5 Rb1 36.c5 Rb2+ 37.Kf1 b6 38.gxf6 0-1

[Event "40th USA-ch (w)"]
[Site "Seattle USA"]
[Date "2000.09.25"]
[Round "1"]
[White "Gorlin, Yelena"]
[Black "Burtman, Sharon"]
[Result "1-0"]
[WhiteElo "2110"]
[BlackElo "2089"]
[EventDate "2000.09.25"]
[PlyCount "75"]

1.e4 c5 2.Nf3 Nc6 3.d4 cxd4 4.Nxd4 g6 5.Nc3 Bg7 6.Nb3 Bxc3+ 7.bxc3 d6 8.
Be2 Nf6 9.f3 O-O 10.Bh6 Re8 11.O-O Na5 12.Qe1 Be6 13.Nd2 Qc7 14.f4 Bc4 15.
f5 Rac8 16.fxg6 hxg6 17.Nxc4 Nxc4 18.Qh4 Qc5+ 19.Kh1 Qe5 20.Bf4 Qxc3 21.
Rae1 Nh7 22.e5 Nxe5 23.Bxe5 dxe5 24.Rf3 Qd4 25.Qh6 e4 26.Rxf7 Kxf7 27.
Qxh7+ Ke6 28.Bg4+ Kd6 29.Rd1 Qxd1+ 30.Bxd1 Rg8 31.Kg1 Rcf8 32.c3 Rb8 33.
Bb3 e6 34.Qf7 Rbe8 35.Qxb7 Re7 36.Qb4+ Kd7 37.Ba4+ Kd8 38.Qb8# 1-0

[Event "40th USA-ch (w)"]
[Site "Seattle USA"]
[Date "2000.09.25"]
[Round "1"]
[White "Hahn, Anna"]
[Black "Epstein, Esther"]
[Result "1/2-1/2"]
[WhiteElo "2257"]
[BlackElo "2224"]
[EventDate "2000.09.25"]
[PlyCount "41"]

1.g3 g6 2.Bg2 Bg7 3.Nf3 c5 4.c4 Nc6 5.Nc3 e6 6.d3 Nge7 7.O-O O-O 8.Bg5 h6 
9.Bxe7 Qxe7 10.Nd2 Rb8 11.Rb1 a6 12.Qc1 d6 13.a3 Bd7 14.b4 Rfc8 15.Re1 
cxb4 16.axb4 b5 17.Qa3 bxc4 18.dxc4 Ne5 19.Qxa6 Nxc4 20.Nxc4 Bxc3 21.Qxd6 
1/2-1/2

[Event "40th USA-ch (w)"]
[Site "Seattle USA"]
[Date "2000.09.26"]
[Round "2"]
[White "Burtman, Sharon"]
[Black "Baginskaite, Camilla"]
[Result "1-0"]
[WhiteElo "2089"]
[BlackElo "2287"]
[EventDate "2000.09.25"]
[PlyCount "105"]

1.d4 Nf6 2.c4 e6 3.g3 d5 4.Bg2 Bb4+ 5.Bd2 a5 6.Nf3 dxc4 7.O-O Nc6 8.e3 Nd7
9.Nc3 O-O 10.a4 e5 11.d5 Ne7 12.e4 c6 13.Bg5 f6 14.Be3 Bxc3 15.bxc3 cxd5 
16.exd5 Nf5 17.Nd2 Nd6 18.Qe2 Qc7 19.g4 b6 20.Ne4 Nxe4 21.Bxe4 Qd6 22.Qxc4
Nc5 23.Bxc5 bxc5 24.Qe2 g6 25.h3 f5 26.gxf5 gxf5 27.Bg2 Ba6 28.c4 Rab8 29.
Rfe1 Rfe8 30.Bf1 e4 31.Ra3 f4 32.Qc2 Qg6+ 33.Kh2 Rb7 34.Bg2 Rbe7 35.Bxe4 
Qf6 36.Bxh7+ Kh8 37.Rxe7 Rxe7 38.Bd3 f3 39.Qc3 Qxc3 40.Rxc3 Rg7 41.Bf1 Rf7
42.Kg3 Bc8 43.Rxf3 Rg7+ 44.Kf4 Rf7+ 45.Ke3 Re7+ 46.Kd2 Kg7 47.Bd3 Rb7 48.
Kc3 Rb4 49.Bc2 Bd7 50.Rg3+ Kf7 51.Rf3+ Ke7 52.Re3+ Kf7 53.h4 1-0

[Event "40th USA-ch (w)"]
[Site "Seattle USA"]
[Date "2000.09.26"]
[Round "2"]
[White "Frenklakh, Jennie"]
[Black "Airapetian, Shushanik"]
[Result "1-0"]
[WhiteElo "2133"]
[BlackElo "2072"]
[EventDate "2000.09.25"]
[PlyCount "99"]

1.d4 d5 2.Nf3 e6 3.Bf4 Bd6 4.Bg3 Nf6 5.e3 O-O 6.c4 c5 7.Nc3 Nc6 8.dxc5 
Bxc5 9.Be2 Bb4 10.Bh4 dxc4 11.Qxd8 Rxd8 12.Bxc4 a6 13.O-O b5 14.Be2 Be7 
15.Rfd1 Bb7 16.Nd2 Ne5 17.Nb3 b4 18.Na4 Bc6 19.Nb6 Rab8 20.Nc4 Nxc4 21.
Bxc4 Bb5 22.Rxd8+ Bxd8 23.Bxb5 Rxb5 24.Rc1 Kf8 25.Rc8 Rd5 26.Kf1 Ke8 27.
Ke2 a5 28.f3 a4 29.Nc5 a3 30.bxa3 bxa3 31.Nb7 g5 32.e4 Rd7 33.Bxg5 Rxb7 
34.Bxf6 Rd7 35.Rxd8+ Rxd8 36.Bxd8 Kxd8 37.Kd3 Kc7 38.Kc3 Kd6 39.Kb3 f5 40.
exf5 exf5 41.Kxa3 h5 42.Kb4 h4 43.a4 Ke5 44.a5 Kf4 45.a6 Ke3 46.a7 Kf2 47.
a8=Q Kxg2 48.f4+ Kxh2 49.Qf3 h3 50.Kc4 1-0

[Event "40th USA-ch (w)"]
[Site "Seattle USA"]
[Date "2000.09.26"]
[Round "2"]
[White "Groberman, Elina"]
[Black "Epstein, Esther"]
[Result "1-0"]
[WhiteElo "2054"]
[BlackElo "2224"]
[EventDate "2000.09.25"]
[PlyCount "79"]

1.e4 c5 2.Nf3 g6 3.d4 Bg7 4.dxc5 Qa5+ 5.Bd2 Qxc5 6.Bc3 Nf6 7.Bd3 Nc6 8.O-O
O-O 9.Nbd2 b5 10.Nb3 Qb6 11.Nfd4 Nxd4 12.Bxd4 Qb8 13.Qe2 e5 14.Be3 Bb7 15.
f3 d5 16.Bg5 a6 17.a4 b4 18.Kh1 Qc7 19.a5 Nh5 20.Qe1 Nf4 21.Qxb4 Rfb8 22.
Qc5 Qxc5 23.Nxc5 Nxd3 24.cxd3 Bc6 25.Rf2 Bf8 26.Rc2 Bb5 27.Bf6 dxe4 28.
dxe4 Re8 29.b4 Bh6 30.Rd1 Be3 31.Rd5 Bd4 32.Nb3 Rac8 33.Nxd4 exd4 34.Rxc8 
Rxc8 35.Bxd4 Rc1+ 36.Bg1 Rb1 37.h4 Kg7 38.Kh2 Rxb4 39.Bd4+ Kh6 40.Bc5 1-0

[Event "40th USA-ch (w)"]
[Site "Seattle USA"]
[Date "2000.09.26"]
[Round "2"]
[White "Sagalchik, Olga"]
[Black "Gorlin, Yelena"]
[Result "0-1"]
[WhiteElo "2145"]
[BlackElo "2110"]
[EventDate "2000.09.25"]
[PlyCount "66"]

1.c4 e6 2.Nc3 Nf6 3.e4 d5 4.e5 d4 5.exf6 dxc3 6.fxg7 cxd2+ 7.Bxd2 Bxg7 8.
Qc2 Nc6 9.Nf3 Nd4 10.Nxd4 Bxd4 11.h4 Qf6 12.O-O-O Bd7 13.Rh3 e5 14.Rf3 
Qxh4 15.Re1 O-O-O 16.Rxf7 Be6 17.g3 Qh5 18.Rf6 Bg4 19.Bg2 Rhf8 20.Rh6 Qf5 
21.Qb3 Bf3 22.Bh3 Bg4 23.Bg2 Bf3 24.Bh3 Bg4 25.Bxg4 Qxg4 26.f4 exf4 27.
Bxf4 Rxf4 28.Rh4 Bxb2+ 29.Kxb2 Rf2+ 30.Ka3 Qg6 31.Rhe4 Qa6+ 32.Kb4 Rxa2 
33.Re5 Qd6+ 0-1

[Event "40th USA-ch (w)"]
[Site "Seattle USA"]
[Date "2000.09.26"]
[Round "2"]
[White "Shahade, Jennifer"]
[Black "Hahn, Anna"]
[Result "1/2-1/2"]
[WhiteElo "2238"]
[BlackElo "2265"]
[EventDate "2000.09.25"]
[PlyCount "55"]

1.e4 c5 2.Nf3 Nc6 3.d4 cxd4 4.Nxd4 Nf6 5.Nc3 e5 6.Ndb5 d6 7.Bg5 a6 8.Na3 
b5 9.Nd5 Be7 10.Bxf6 Bxf6 11.c3 Bg5 12.Nc2 O-O 13.a4 bxa4 14.Rxa4 a5 15.
Bb5 Bb7 16.O-O Ne7 17.Bc4 Rb8 18.b4 axb4 19.Ncxb4 Nc8 20.Na6 Bxa6 21.Rxa6 
Nb6 22.Nxb6 Rxb6 23.Ra7 Qb8 24.Qa4 Rb7 25.Rxb7 Qxb7 26.Bd5 Qc7 27.Qb3 Bd2 
28.g3 1/2-1/2

[Event "40th USA-ch (w)"]
[Site "Seattle USA"]
[Date "2000.09.27"]
[Round "3"]
[White "Airapetian, Shushanik"]
[Black "Groberman, Elina"]
[Result "0-1"]
[WhiteElo "2072"]
[BlackElo "2054"]
[EventDate "2000.09.25"]
[PlyCount "76"]

1.e4 e5 2.Nf3 Nc6 3.Bb5 a6 4.Ba4 Nf6 5.Qe2 b5 6.Bb3 Be7 7.O-O O-O 8.c3 d6 
9.d4 Bg4 10.Rd1 Qc8 11.h3 Bh5 12.a4 Rb8 13.Bc2 Re8 14.axb5 axb5 15.d5 Nd8 
16.b4 c6 17.dxc6 Qxc6 18.Ra5 Ne6 19.Bd3 Nc7 20.Na3 Bg6 21.Nxb5 Bxe4 22.
Bxe4 Nxe4 23.Nxc7 Nxc3 24.Qc2 Qxc7 25.Bd2 Ne2+ 26.Kf1 Qxc2 27.Kxe2 Rxb4 
28.Rc1 Qe4+ 29.Kf1 Rb1 30.Ra1 Qd3+ 31.Ke1 Rxa1 32.Rxa1 Rb8 33.Rd1 Rb1 34.
Bc1 Qc3+ 35.Bd2 Rxd1+ 36.Kxd1 Qd3 37.Ke1 e4 38.Ng1 Qb1+ 0-1

[Event "40th USA-ch (w)"]
[Site "Seattle USA"]
[Date "2000.09.27"]
[Round "3"]
[White "Baginskaite, Camilla"]
[Black "Sagalchik, Olga"]
[Result "1-0"]
[WhiteElo "2287"]
[BlackElo "2145"]
[EventDate "2000.09.25"]
[PlyCount "65"]

1.d4 d5 2.c4 e5 3.dxe5 d4 4.Nf3 Nc6 5.g3 Be6 6.Bg2 Bxc4 7.Qa4 Qd5 8.O-O 
Bb5 9.Qd1 O-O-O 10.Ng5 d3 11.e4 Qxe5 12.Nxf7 Qf6 13.Nxd8 Qxd8 14.Nc3 Ba6 
15.Qg4+ Kb8 16.Bg5 Nf6 17.Qf5 Be7 18.Be3 g6 19.Qe6 Nb4 20.e5 Qd7 21.Qb3 
Ng4 22.e6 Qd8 23.Bf4 g5 24.Bd2 Nc2 25.Rab1 Nd4 26.Qd5 Ne2+ 27.Kh1 Qf8 28.
Qf3 h5 29.b4 Bxb4 30.Rxb4 Qxb4 31.Rb1 Qf8 32.Rxb7+ Kc8 33.Rb8+ 1-0

[Event "40th USA-ch (w)"]
[Site "Seattle USA"]
[Date "2000.09.27"]
[Round "3"]
[White "Epstein, Esther"]
[Black "Shahade, Jennifer"]
[Result "1-0"]
[WhiteElo "2224"]
[BlackElo "2238"]
[EventDate "2000.09.25"]
[PlyCount "167"]

1.e4 c5 2.Nf3 d6 3.d4 Nf6 4.Nc3 cxd4 5.Nxd4 g6 6.Be3 Bg7 7.f3 Nc6 8.Qd2 
O-O 9.O-O-O d5 10.exd5 Nxd5 11.Nxc6 bxc6 12.Bd4 Bxd4 13.Qxd4 Be6 14.Bc4 
Qa5 15.Bxd5 Rfd8 16.Qa4 Qxa4 17.Nxa4 cxd5 18.Nc5 Bf5 19.g4 Rac8 20.b4 Be6 
21.Rd4 Rd6 22.Re1 Kf8 23.a4 Bd7 24.Kb2 Bc6 25.f4 Bd7 26.h3 f6 27.Red1 e6 
28.f5 exf5 29.Nxd7+ Rxd7 30.gxf5 Rdc7 31.R1d2 gxf5 32.Rxd5 Rc4 33.R5d4 Rc3
34.Rd8+ Kf7 35.R2d7+ Kg6 36.Rg8+ Kh6 37.Rxc8 Rxc8 38.Rxa7 f4 39.Rd7 Kg5 
40.Rd3 Kf5 41.a5 Ke4 42.Rd1 f3 43.a6 f2 44.Rf1 Ke3 45.b5 Rc5 46.c4 Rxc4 
47.Kb3 Rc8 48.b6 Ke2 49.Rxf2+ Kxf2 50.b7 Rb8 51.Kc4 Kg2 52.Kd5 f5 53.Ke5 
Kxh3 54.Kxf5 h5 55.Ke6 h4 56.Kd6 Kg4 57.a7 Rxb7 58.a8=Q Rb6+ 59.Ke5 Rb5+ 
60.Kd4 Rb4+ 61.Kc3 Rf4 62.Qg2+ Kf5 63.Kd3 Rg4 64.Qd5+ Kf4 65.Ke2 Rg5 66.
Qf3+ Ke5 67.Qh3 Rf5 68.Qxh4 Rf4 69.Qe7+ Kf5 70.Ke3 Rg4 71.Qc5+ Kf6 72.Qd6+
Kf5 73.Kf3 Rg6 74.Qd5+ Kf6 75.Kf4 Kg7 76.Qe5+ Kf7 77.Kf5 Rg7 78.Qe6+ Kf8 
79.Qc8+ Kf7 80.Qd7+ Kf8 81.Qd8+ Kf7 82.Qh8 Rg8 83.Qf6+ Ke8 84.Ke4 1-0

[Event "40th USA-ch (w)"]
[Site "Seattle USA"]
[Date "2000.09.27"]
[Round "3"]
[White "Gorlin, Yelena"]
[Black "Frenklakh, Jennie"]
[Result "1/2-1/2"]
[WhiteElo "2110"]
[BlackElo "2133"]
[EventDate "2000.09.25"]
[PlyCount "52"]

1.e4 c6 2.d4 d5 3.Nd2 dxe4 4.Nxe4 Nf6 5.Nxf6+ gxf6 6.c3 Bf5 7.Nf3 e6 8.Bf4
Bd6 9.Bxd6 Qxd6 10.g3 Nd7 11.Bg2 Be4 12.O-O f5 13.Re1 Nf6 14.Bf1 Bxf3 15.
Qxf3 O-O-O 16.b4 h5 17.Rab1 h4 18.Bg2 hxg3 19.hxg3 Ne4 20.Qe3 Rh5 21.Bxe4 
fxe4 22.Qxe4 Rdh8 23.a4 f5 24.Qe5 Qxe5 25.dxe5 f4 26.gxf4 Rf8 1/2-1/2

[Event "40th USA-ch (w)"]
[Site "Seattle USA"]
[Date "2000.09.27"]
[Round "3"]
[White "Hahn, Anna"]
[Black "Burtman, Sharon"]
[Result "1/2-1/2"]
[WhiteElo "2265"]
[BlackElo "2089"]
[EventDate "2000.09.25"]
[PlyCount "97"]

1.g3 f5 2.Bg2 Nf6 3.c4 g6 4.Nc3 d6 5.d3 Bg7 6.e3 O-O 7.Nge2 c6 8.O-O Na6 
9.Rb1 e5 10.b4 Bd7 11.b5 Nc7 12.a4 d5 13.Ba3 Re8 14.b6 axb6 15.Rxb6 Bc8 
16.cxd5 Ncxd5 17.Rb1 Kh8 18.Qc2 Qa5 19.Rfc1 Rd8 20.Rb3 Kg8 21.Qb1 Ra6 22.
Bf1 Ra8 23.Nxd5 Nxd5 24.e4 Nf6 25.Bb4 Qc7 26.Nc3 Be6 27.Rb2 Rd7 28.Bc5 Bf8
29.Bb6 Qc8 30.a5 Ba3 31.Rbc2 Bxc1 32.Qxc1 Rf7 33.Qb2 Nd7 34.Na4 Qe8 35.Nc5
Nxc5 36.Rxc5 Re7 37.Rxe5 Bf7 38.Rxe7 Qxe7 39.exf5 gxf5 40.Qc1 Qf6 41.Qf4 
Re8 42.Bd4 Qe6 43.Qg5+ Qg6 44.Qf4 Bd5 45.Bb2 Re7 46.Ba3 Re8 47.Bb2 Re7 48.
Ba3 Re8 49.Bb2 1/2-1/2

[Event "40th USA-ch (w)"]
[Site "Seattle USA"]
[Date "2000.09.28"]
[Round "4"]
[White "Airapetian, Shushanik"]
[Black "Gorlin, Yelena"]
[Result "1-0"]
[WhiteElo "2072"]
[BlackElo "2110"]
[EventDate "2000.09.25"]
[PlyCount "53"]

1.e4 e6 2.d4 d5 3.Nc3 Bb4 4.e5 c5 5.a3 Bxc3+ 6.bxc3 Qc7 7.Qg4 f5 8.Qg3 
cxd4 9.cxd4 Ne7 10.Be2 O-O 11.Nh3 Nbc6 12.c3 Na5 13.Bg5 Nec6 14.O-O Nc4 
15.Nf4 Nd2 16.Nh5 Nxf1 17.Rxf1 Kh8 18.Qh4 b6 19.Rd1 Nxe5 20.Qg3 Rf7 21.Bf4
Qe7 22.Bxe5 Bd7 23.Nf4 Ba4 24.Ra1 Bd7 25.Bh5 Rff8 26.Ng6+ hxg6 27.Bxg6 1-0

[Event "40th USA-ch (w)"]
[Site "Seattle USA"]
[Date "2000.09.28"]
[Round "4"]
[White "Burtman, Sharon"]
[Black "Epstein, Esther"]
[Result "0-1"]
[WhiteElo "2089"]
[BlackElo "2224"]
[EventDate "2000.09.25"]
[PlyCount "74"]

1.d4 b6 2.c4 Bb7 3.Nc3 e6 4.e3 Nf6 5.Nf3 Be7 6.Be2 O-O 7.O-O d5 8.Qc2 Nbd7
9.cxd5 exd5 10.Bd2 a6 11.Rac1 Bd6 12.Rfd1 Re8 13.Be1 Nf8 14.a3 Ng6 15.Na2 
Ne4 16.Bb4 c5 17.dxc5 bxc5 18.Be1 Rc8 19.Nc3 Nf6 20.Bf1 d4 21.Ne2 Ng4 22.
Qf5 Bxf3 23.gxf3 Nxh2 24.Bh3 Nh4 25.Qxc8 Qg5+ 26.Ng3 N2xf3+ 27.Kf1 Rxc8 
28.Bxc8 Nxe1 29.Rxe1 d3 30.Rcd1 Bxg3 31.fxg3 Qf6+ 32.Kg1 Nf3+ 33.Kf1 Nxe1+
34.Kxe1 c4 35.Rd2 Qf3 36.Bxa6 Qxe3+ 37.Kd1 Qg1# 0-1

[Event "40th USA-ch (w)"]
[Site "Seattle USA"]
[Date "2000.09.28"]
[Round "4"]
[White "Frenklakh, Jennie"]
[Black "Baginskaite, Camilla"]
[Result "0-1"]
[WhiteElo "2133"]
[BlackElo "2287"]
[EventDate "2000.09.25"]
[PlyCount "68"]

1.e4 c5 2.Nf3 d6 3.d4 cxd4 4.Nxd4 Nf6 5.Nc3 a6 6.Bc4 e6 7.Bb3 Nbd7 8.f4 
Nc5 9.Qf3 Be7 10.O-O O-O 11.f5 Bd7 12.Bg5 Kh8 13.Rad1 b5 14.a3 Qb6 15.Kh1 
a5 16.Rfe1 b4 17.Nb1 Rac8 18.axb4 axb4 19.Nd2 Nxb3 20.N2xb3 e5 21.Bxf6 
Bxf6 22.Ne2 Rxc2 23.Nd2 Bb5 24.Qb3 Qc5 25.Ng3 Bh4 26.f6 Bxf6 27.Nf5 Rc8 
28.Qxf7 Qf2 29.Qb7 Be2 30.Ra1 Bf3 31.Ne3 Qxd2 32.Rg1 Qxe3 33.Ra8 Bxg2+ 34.
Rxg2 Rc1+ 0-1

[Event "40th USA-ch (w)"]
[Site "Seattle USA"]
[Date "2000.09.28"]
[Round "4"]
[White "Groberman, Elina"]
[Black "Shahade, Jennifer"]
[Result "1/2-1/2"]
[WhiteElo "2054"]
[BlackElo "2238"]
[EventDate "2000.09.25"]
[PlyCount "123"]

1.e4 c5 2.Nf3 d6 3.d4 Nf6 4.Nc3 cxd4 5.Nxd4 g6 6.g3 Nc6 7.Nde2 Bg7 8.Bg2 
O-O 9.h3 Rb8 10.O-O b5 11.Be3 e6 12.Nd4 Nxd4 13.Bxd4 b4 14.Ne2 Qc7 15.Qd2 
a5 16.c3 Ba6 17.Rfe1 Rfc8 18.Rac1 Qd7 19.Rcd1 Qb5 20.cxb4 axb4 21.Nc1 Bb7 
22.e5 dxe5 23.Bxe5 Bxg2 24.Kxg2 Ne4 25.Rxe4 Bxe5 26.Nd3 Qd5 27.f3 Bd6 28.
Ne5 Bxe5 29.Qxd5 exd5 30.Rxe5 Rc2+ 31.Kf1 Rxb2 32.Re2 Rxe2 33.Kxe2 Ra8 34.
Rd2 Kg7 35.Rb2 Ra4 36.Kd3 Kf6 37.Kc2 Ra3 38.Rxb4 Rxa2+ 39.Kd3 Rg2 40.g4 
Rh2 41.Rb6+ Ke5 42.Rb7 Rxh3 43.Rxf7 h5 44.gxh5 gxh5 45.Ke2 Rh2+ 46.Kf1 d4 
47.Kg1 Rh4 48.Kf2 Rf4 49.Rh7 Rf5 50.Ke2 Kd5 51.Rh8 Kc4 52.Rh7 Ra5 53.Rc7+ 
Rc5 54.Ra7 h4 55.Ra4+ Kc3 56.Ra3+ Kb2 57.Ra4 Kc3 58.Ra3+ Kb4 59.Ra1 h3 60.
Kd3 Rc3+ 61.Kxd4 Rxf3 62.Rh1 1/2-1/2

[Event "40th USA-ch (w)"]
[Site "Seattle USA"]
[Date "2000.09.28"]
[Round "4"]
[White "Sagalchik, Olga"]
[Black "Hahn, Anna"]
[Result "1/2-1/2"]
[WhiteElo "2145"]
[BlackElo "2265"]
[EventDate "2000.09.25"]
[PlyCount "92"]

1.d4 g6 2.c4 Bg7 3.e4 c5 4.Ne2 Qb6 5.dxc5 Qxc5 6.Nbc3 Nc6 7.Be3 Qa5 8.a3 
Nf6 9.b4 Qd8 10.Rc1 Ng4 11.Bg5 h6 12.Bh4 d6 13.Qd2 O-O 14.h3 Nge5 15.Nd5 
g5 16.Bg3 f5 17.exf5 Bxf5 18.Nec3 Nd4 19.Qd1 e6 20.Ne3 Qf6 21.Nxf5 exf5 
22.f4 gxf4 23.Bxf4 Rae8 24.Kf2 Ng6 25.Nd5 Qd8 26.g3 Nxf4 27.Nxf4 Re4 28.h4
Rfe8 29.Bd3 Re3 30.Nd5 Rf3+ 31.Kg2 f4 32.gxf4 Qd7 33.Rh2 Qg4+ 34.Kh1 Kh8 
35.h5 Qg3 36.Bg6 Re6 37.Qg1 Qxg1+ 38.Rxg1 Ne2 39.f5 Re5 40.Re1 Ng3+ 41.Kg2
Rxa3 42.Rxe5 Bxe5 43.Rh4 Ra2+ 44.Kf3 Ra3+ 45.Kg2 Ra2+ 46.Kf3 Ra3+ 1/2-1/2

[Event "40th USA-ch (w)"]
[Site "Seattle USA"]
[Date "2000.09.29"]
[Round "5"]
[White "Baginskaite, Camilla"]
[Black "Airapetian, Shushanik"]
[Result "1-0"]
[WhiteElo "2287"]
[BlackElo "2072"]
[EventDate "2000.09.25"]
[PlyCount "107"]

1.d4 d5 2.c4 e6 3.Nc3 Be7 4.cxd5 exd5 5.Bf4 Nf6 6.e3 O-O 7.Bd3 b6 8.Nge2 
c5 9.O-O Nc6 10.dxc5 bxc5 11.Rc1 Be6 12.Qa4 Qb6 13.Qb5 Rfc8 14.Na4 Qxb5 
15.Bxb5 Nd7 16.Ba6 Nb4 17.Bxc8 Rxc8 18.a3 Nd3 19.Rc3 Bf5 20.Nd4 Bg6 21.Rd1
Nxf4 22.exf4 Re8 23.Nc6 Bf6 24.Ne5 d4 25.Rcc1 Bxe5 26.fxe5 Rxe5 27.Re1 
Rxe1+ 28.Rxe1 c4 29.Re8+ Nf8 30.Rd8 d3 31.Nc5 Bf5 32.Kf1 f6 33.Ke1 Kf7 34.
Rd4 Ke7 35.Rxc4 Ng6 36.Rd4 Ne5 37.f4 Nc6 38.Rd5 g6 39.Kd2 h5 40.g3 Na5 41.
Kc3 Nc6 42.b4 Nd8 43.Nxd3 Nb7 44.Nc5 Nd6 45.a4 Bg4 46.b5 Be2 47.Kb4 Bf1 
48.Rd1 Bh3 49.a5 Nc8 50.Na4 Bd7 51.b6 Bc6 52.Kc5 Bb7 53.bxa7 Nxa7 54.Kb6 
1-0

[Event "40th USA-ch (w)"]
[Site "Seattle USA"]
[Date "2000.09.29"]
[Round "5"]
[White "Epstein, Esther"]
[Black "Sagalchik, Olga"]
[Result "0-1"]
[WhiteElo "2224"]
[BlackElo "2145"]
[EventDate "2000.09.25"]
[PlyCount "80"]

1.e4 d5 2.exd5 Qxd5 3.Nc3 Qa5 4.d4 Nf6 5.Nf3 Bg4 6.h3 Bh5 7.g4 Bg6 8.Ne5 
Ne4 9.Qf3 Nd6 10.Bd2 c6 11.O-O-O Nd7 12.Nxd7 Kxd7 13.h4 h5 14.g5 Bf5 15.d5
c5 16.Bf4 g6 17.Be5 Rh7 18.Bh3 Bxh3 19.Qxh3+ Nf5 20.Rhe1 Rc8 21.Kb1 a6 22.
Ne4 Kd8 23.d6 exd6 24.Nxd6 Bxd6 25.Qxf5 gxf5 26.Rxd6+ Ke7 27.Red1 Ke8 28.
Bf6 b5 29.c3 b4 30.Re1+ Kf8 31.Red1 Re8 32.c4 Qc7 33.Rd7 Qc6 34.Rd8 Qe4+ 
35.Ka1 Rg7 36.Rxe8+ Qxe8 37.Rd8 Qxd8 38.Bxd8 Rg6 39.Bf6 Ke8 40.Be5 Re6 0-1

[Event "40th USA-ch (w)"]
[Site "Seattle USA"]
[Date "2000.09.29"]
[Round "5"]
[White "Gorlin, Yelena"]
[Black "Groberman, Elina"]
[Result "1/2-1/2"]
[WhiteElo "2110"]
[BlackElo "2054"]
[EventDate "2000.09.25"]
[PlyCount "81"]

1.e4 e5 2.Nf3 Nc6 3.Bb5 a6 4.Ba4 Nf6 5.O-O Be7 6.Re1 b5 7.Bb3 O-O 8.h3 Bb7
9.d3 d6 10.c3 Na5 11.Bc2 c5 12.Nbd2 Re8 13.Nf1 h6 14.Ng3 Bf8 15.Nh2 c4 16.
Ng4 Nxg4 17.hxg4 d5 18.Nf5 cxd3 19.Qxd3 dxe4 20.Qh3 Nc4 21.g5 hxg5 22.b3 
Nd6 23.Nxd6 Bxd6 24.Rxe4 Bxe4 25.Bxe4 g6 26.Bxa8 Qxa8 27.Bxg5 Be7 28.Bxe7 
Rxe7 29.Rd1 Kg7 30.Qh4 Re8 31.Rd6 Qc8 32.Qf6+ Kg8 33.Rc6 Qd7 34.Qd6 Qxd6 
35.Rxd6 Rc8 36.Rxa6 Rxc3 37.Rb6 Rc1+ 38.Kh2 Rc2 39.Kg3 Rxa2 40.Rxb5 Rb2 
41.Rb8+ 1/2-1/2

[Event "40th USA-ch (w)"]
[Site "Seattle USA"]
[Date "2000.09.29"]
[Round "5"]
[White "Hahn, Anna"]
[Black "Frenklakh, Jennie"]
[Result "1/2-1/2"]
[WhiteElo "2265"]
[BlackElo "2133"]
[EventDate "2000.09.25"]
[PlyCount "84"]

1.g3 d5 2.Bg2 e5 3.d3 c6 4.Nf3 Bd6 5.e4 Ne7 6.O-O O-O 7.Nc3 f5 8.Qe2 fxe4 
9.dxe4 d4 10.Nb1 h6 11.Nbd2 b5 12.a4 a6 13.c4 dxc3 14.bxc3 Be6 15.Bb2 Nd7 
16.c4 Rb8 17.c5 Bc7 18.Rfc1 Qe8 19.axb5 axb5 20.Ra7 Rc8 21.Qe3 Qh5 22.Ne1 
g5 23.Nd3 Rf7 24.f3 Bb8 25.Ra8 Rcf8 26.g4 Qg6 27.Nf1 h5 28.h3 hxg4 29.hxg4
Rh7 30.Qe1 Bc4 31.Qe3 Qh6 32.Ng3 Ng6 33.Nh5 Bxd3 34.Qxd3 Nf4 35.Qb3+ Kh8 
36.Nxf4 Qh2+ 37.Kf1 Qxf4 38.Qe6 Qxe4 39.Rxb8 Qd3+ 40.Kf2 Qd2+ 41.Kf1 Qd3+ 
42.Kf2 Qd2+ 1/2-1/2

[Event "40th USA-ch (w)"]
[Site "Seattle USA"]
[Date "2000.09.29"]
[Round "5"]
[White "Shahade, Jennifer"]
[Black "Burtman, Sharon"]
[Result "1-0"]
[WhiteElo "2238"]
[BlackElo "2089"]
[EventDate "2000.09.25"]
[PlyCount "89"]

1.e4 c5 2.Nf3 Nc6 3.d4 cxd4 4.Nxd4 g6 5.Nc3 Bg7 6.Be3 Nf6 7.Bc4 O-O 8.O-O 
Nxe4 9.Bxf7+ Rxf7 10.Nxe4 h6 11.Nc5 Rf6 12.c3 Kh7 13.Qb3 Na5 14.Qd5 Qc7 
15.b4 Nc6 16.Nb5 Qd8 17.Rad1 d6 18.Ne4 Rf5 19.Qd3 a6 20.Nd4 Nxd4 21.Bxd4 
Rd5 22.Qe3 Bxd4 23.Rxd4 Rxd4 24.Qxd4 Be6 25.Re1 Bxa2 26.Re3 e5 27.Qd2 d5 
28.Rh3 h5 29.Ng5+ Kg8 30.Rg3 Bb1 31.Nf3 Bf5 32.Nxe5 h4 33.Rg5 Qd6 34.Qf4 
Qe6 35.h3 Re8 36.Nf3 Qe4 37.Qxh4 Qb1+ 38.Kh2 Re4 39.Qg3 Rc4 40.Nd2 Qc2 41.
Nxc4 dxc4 42.h4 Qd3 43.h5 Qxg3+ 44.Kxg3 b6 45.hxg6 1-0

[Event "40th USA-ch (w)"]
[Site "Seattle USA"]
[Date "2000.10.01"]
[Round "6"]
[White "Airapetian, Shushanik"]
[Black "Hahn, Anna"]
[Result "1/2-1/2"]
[WhiteElo "2072"]
[BlackElo "2265"]
[EventDate "2000.09.25"]
[PlyCount "157"]

1.e4 c5 2.b3 Nc6 3.Bb2 d6 4.f4 e5 5.Bc4 exf4 6.Qf3 Qg5 7.Ne2 Nf6 8.O-O Be7
9.Qxf4 Qxf4 10.Nxf4 O-O 11.Nc3 Ne5 12.Ncd5 Bd8 13.Bxe5 dxe5 14.Nxf6+ Bxf6 
15.Nd5 Bg5 16.Rf2 Rb8 17.a4 Be6 18.Raf1 Rbd8 19.g3 Bh3 20.Re1 Rd6 21.Ne3 
Bxe3 22.Rxe3 Be6 23.Bxe6 Rxe6 24.Rd3 Re7 25.Rd5 b6 26.a5 f6 27.Rf1 Rc8 28.
axb6 axb6 29.d3 Ra7 30.Rd6 Rb8 31.Kg2 Kf7 32.Kf3 Ke7 33.Rd5 Ra2 34.Rf2 
Rba8 35.b4 cxb4 36.Rb5 Rb2 37.Rxb6 Raa2 38.Ke3 Rxc2 39.Rxc2 Rxc2 40.Rxb4 
Rxh2 41.Rb7+ Kf8 42.d4 exd4+ 43.Kxd4 Rg2 44.Rb3 Rd2+ 45.Ke3 Rd7 46.Kf4 Kf7
47.Rb5 Rd1 48.g4 Rf1+ 49.Kg3 Re1 50.Kf3 g5 51.Rb7+ Kg6 52.Rb6 h6 53.Re6 
Kf7 54.Ra6 Rf1+ 55.Kg3 Rh1 56.Ra7+ Ke6 57.Rh7 Ke5 58.Kg2 Rh4 59.Kf3 Rh3+ 
60.Kg2 Rh4 61.Kf3 Rh3+ 62.Kg2 Re3 63.Rxh6 Rxe4 64.Kf3 Ra4 65.Rg6 Ra3+ 66.
Kf2 Kf4 67.Rxf6+ Kxg4 68.Rg6 Ra2+ 69.Kf1 Kf3 70.Rf6+ Kg3 71.Rg6 g4 72.Rg8 
Ra1+ 73.Ke2 Ra4 74.Kf1 Ra1+ 75.Ke2 Kh3 76.Kf2 Ra2+ 77.Kf1 Ra4 78.Kf2 Rf4+ 
79.Kg1 1/2-1/2

[Event "40th USA-ch (w)"]
[Site "Seattle USA"]
[Date "2000.10.01"]
[Round "6"]
[White "Frenklakh, Jennie"]
[Black "Epstein, Esther"]
[Result "1/2-1/2"]
[WhiteElo "2133"]
[BlackElo "2224"]
[EventDate "2000.09.25"]
[PlyCount "101"]

1.d4 g6 2.e4 Bg7 3.c3 b6 4.Bd3 Bb7 5.f4 f5 6.Qe2 fxe4 7.Bxe4 Bxe4 8.Qxe4 
Nc6 9.Nf3 Nf6 10.Qd3 e6 11.O-O O-O 12.Nbd2 Ne7 13.g3 Qc8 14.Nc4 Qb7 15.Bd2
b5 16.Ne3 a5 17.Rae1 a4 18.Ne5 Rae8 19.Nc2 c6 20.b3 axb3 21.axb3 Ra8 22.c4
Rfb8 23.c5 Nfd5 24.Re2 Ra2 25.g4 Rf8 26.Rg2 Qc7 27.Ne1 Bh6 28.Qb1 Qa7 29.
N1d3 Ra8 30.Qe1 Ra1 31.Qf2 Rxf1+ 32.Qxf1 Rf8 33.Rf2 Bg7 34.h4 Qc7 35.Qh3 
d6 36.cxd6 Qxd6 37.h5 Nf6 38.hxg6 hxg6 39.Nc5 Ra8 40.g5 Ra1+ 41.Kh2 Qxd4 
42.Qxe6+ Kh7 43.Ncd3 Qd5 44.Qxd5 Nfxd5 45.Nc5 Rb1 46.Kg2 Kg8 47.Kf3 Bf8 
48.Ke4 Rb2 49.Be1 Rb1 50.Bd2 Rb2 51.Be1 1/2-1/2

[Event "40th USA-ch (w)"]
[Site "Seattle USA"]
[Date "2000.10.01"]
[Round "6"]
[White "Gorlin, Yelena"]
[Black "Baginskaite, Camilla"]
[Result "0-1"]
[WhiteElo "2110"]
[BlackElo "2287"]
[EventDate "2000.09.25"]
[PlyCount "58"]

1.e4 c5 2.Nf3 d6 3.d4 cxd4 4.Nxd4 Nf6 5.Nc3 a6 6.Bc4 e6 7.Bb3 b5 8.O-O Bb7
9.f4 b4 10.Na4 Bxe4 11.f5 e5 12.Ne2 Be7 13.Ng3 Bc6 14.Nh5 O-O 15.Nxf6+ 
Bxf6 16.Be3 d5 17.Bb6 Qc8 18.Bc5 Bxa4 19.Bxf8 Bxb3 20.Bxg7 Kxg7 21.cxb3 
Qc5+ 22.Kh1 Nc6 23.Rc1 Qd6 24.Qh5 Nd4 25.g4 h6 26.h4 Ne2 27.Rf3 Nxc1 28.g5
hxg5 29.Rg3 Rh8 0-1